Die teuersten Fußballtransfers - Torwarte - Saison 2010-2011 - Statistiken

Allgemein
  • Dieses Quiz wurde 7 mal gespielt
  • Das Durchschnittsergebnis liegt bei 2 aus 10
Antwortstatistiken
Ablöse (M €) Nationalität Abgebender Verein Aufnehmender Verein Spieler % Korrekt
5,00 Dänemark Aalesund Manchester United Anders Lindegaard
100%
4,50 Italien AC Milan Juventus Turin Marco Storari
20%
3,50 Brasilien Atlético Paranaense AC Florenz Neto
20%
8,50 Spanien Atlètico Madrid Benfica Roberto
20%
7,00 England Manchester United Birmingham City Ben Foster
0%
2,80 Australien Middlesbrough FC Liverpool Brad Jones
0%
4,50 Portugal SC Braga Genua CFC Eduardo
0%
3,00 Argentinien Atlante Monarcas Morelia Federico Vilar
0%
3,10 Ukraine Metalurg Z. Dynamo Kyiv Maksym Koval
0%
3,00 Kroatien Inter Zapresic FC Chelsea Matej Delac
0%
Keine übereinstimmenden Quizze gefunden
Verteilung der Resultate
Anzahl Personen mit jedem Resultat
Perzentil nach korrekt beantworteten Fragen
Ihre Resultats-Entwicklung
Sie haben dieses Quiz noch nicht gespielt